Porphyry Against the Christians /
This volume is a translation of fragments and testimonia of Porphyry's lost work Against the Christians. The first part of the work examines Author, Title, date of composition, and sources. The second part discusses the structure of Against the Christians. The third part focuses on the religiou...
المؤلف الرئيسي:
التنسيق: كتاب الكتروني
اللغة: English
منشور في:
Leiden; Boston :
BRILL,
2005.
سلاسل:
Brill Book Archive Part 1, ISBN: 9789004472495.
Studies in Platonism, Neoplatonism, and the Platonic Tradition ;
1.
الموضوعات:
الوصول للمادة أونلاين: Login to view Source
الوسوم: إضافة وسم
رقم الطلب: BR160.3
| LEADER | 02508nam a22004811i 4500 | ||
|---|---|---|---|
| 001 | BRILL9789047415725 | ||
| 003 | nllekb | ||
| 005 | 20230529211110.0 | ||
| 006 | m d | ||
| 007 | cr un uuuua | ||
| 008 | 210731s2005 ne sb 001 0 eng d | ||
| 010 | |z 2005052711 | ||
| 020 | |a 9789047415725 |q (electronic book) | ||
| 020 | |a 9789004148116 |q (print) | ||
| 024 | 7 | |a 10.1163/9789047415725 |2 DOI | |
| 035 | |a (OCoLC)1158752366 | ||
| 040 | |a NL-LeKB |c NL-LeKB |e rda | ||
| 050 | 4 | |a BR160.3 | |
| 072 | 7 | |a HPCA |2 bicssc | |
| 072 | 7 | |a PHI |x 002000 |2 bisacsh | |
| 082 | 0 | 4 | |a 230 |2 23 |
| 100 | 1 | |a Berchman, Robert, |e author. | |
| 245 | 1 | 0 | |a Porphyry Against the Christians / |c Robert Berchman. |
| 264 | 1 | |a Leiden; |a Boston : |b BRILL, |c 2005. | |
| 300 | |a 1 online resource. | ||
| 336 | |a text |b txt |2 rdacontent | ||
| 337 | |a computer |b c |2 rdamedia | ||
| 338 | |a online resource |2 rdacarrier | ||
| 490 | 1 | |a Brill Book Archive Part 1, ISBN: 9789004472495 | |
| 490 | 1 | |a Studies in Platonism, Neoplatonism, and the Platonic Tradition ; |v 1 | |
| 504 | |a Includes bibliographical references and index. | ||
| 520 | |a This volume is a translation of fragments and testimonia of Porphyry's lost work Against the Christians. The first part of the work examines Author, Title, date of composition, and sources. The second part discusses the structure of Against the Christians. The third part focuses on the religious, philosophical, and cultural background of this text. The fourth section constitutes the translation of the fragments and testimonia of Against the Christians. This work is especially important for historians of religion, philosophy, and Biblical Studies for it is an excellent example of a pagan tradition of scriptural interpretation and criticism of Christianity. | ||
| 559 | 4 | |a BR160.3 | |
| 588 | |a Description based on print version record. | ||
| 650 | 0 | |a Christianity |x Controversial literature |x History and criticism. | |
| 650 | 0 | |a Christianity |x Controversial literature. | |
| 776 | 0 | 8 | |i Print version: |t Porphyry Against the Christians. |d Leiden ; Boston : BRILL, 2005 |z 9789004148116 |w (OCoLC)61445911 |
| 830 | 0 | |a Brill Book Archive Part 1, ISBN: 9789004472495. | |
| 830 | 0 | |a Studies in Platonism, Neoplatonism, and the Platonic Tradition ; |v 1. | |
| 856 | 4 | |z DOI: |u http://dx.doi.org/10.1163/9789047415725 | |
| 942 | |2 lcc |c EBOOK | ||
| 952 | |0 0 |1 0 |2 lcc |4 0 |6 BR01603 |7 1 |9 48215 |a BRILL |b BRILL |d 2023-05-29 |l 0 |o BR160.3 |r 2023-05-29 00:00:00 |w 2023-05-29 |y EBOOK | ||
| 999 | |c 53559 |d 53559 | ||
